000 00778nam a2200265Ia 4500
003 OSt
005 20221005072022.0
006 a|||||r|||| 00| 0
007 ta
008 221004b |||||||| |||| 00| 0 eng d
020 _a9788131101865 (hbk)
_c1200
024 _a99323
037 _b369, 22/12/2009, Eastern Book Linkers
_cTextual
040 _aCRL
_cCRL
_beng
041 _2eng
_aeng
082 _aV2y7N04, P9
100 _aGajrani Shiv Ed.
245 0 _aLal Bahadur Shastri
260 _aNew Delhi
_bCommonwealth India
_c2009
300 _a371p.
_ccm.
650 _aHISTORY
700 _a S. Ram Ed.
_938265
942 _hV2y7N04, P9
_cTEXL
_2cc
999 _c978747
_d978747